000 00294nam a22001337a 4500
008 170713b xxu||||| |||| 00| 0 eng d
020 _a9781840460094
041 _aeng
080 _a82
100 _a24
101 _aGJL
245 _aINTRODUCING ROMANTICISIM
_cBOREHAM.J
942 _2udc
_cBK
999 _c20541
_d20541